[Event "Torneo Exhibicion Mirabal - B"]
[Site "Boadilla del Monte ESP"]
[Date "2007.05.05"]
[Round "4.2"]
[White "Garcia Cuenca, Victor"]
[Black "Morales, Jhon Alexander"]
[Result "0-1"]
[WhiteElo "2283"]
[BlackElo "2314"]
[PlyCount "66"]
[EventDate "2007.05.05"]
[EventType "tourn (rapid)"]
[EventRounds "5"]
[EventCountry "ESP"]
[Source "lmi"]
[SourceDate "2007.05.05"]

1. d4 d6 2. c4 e5 3. Nf3 e4 4. Ng5 f5 5. Nc3 Nf6 6. g3 c6 7. Bg2 Be7 8. O-O O-O
9. Nh3 Na6 10. d5 Nc7 11. a4 cxd5 12. cxd5 Bd7 13. f3 Qe8 14. Qd4 Bd8 15. Bf4
Nb5 16. Qd1 Bb6+ 17. Kh1 Nxc3 18. bxc3 Bc5 19. Bc1 Qe5 20. Nf4 Rab8 21. Qb3
Rfe8 22. Bb2 Be3 23. c4 Bd4 24. Bxd4 Qxd4 25. Qb4 Qe5 26. Rac1 Rec8 27. Qa5 Qd4
28. Rfd1 Qc5 29. Qd2 Re8 30. a5 Re7 31. h4 Rbe8 32. Qb2 Qxa5 33. h5 Qb6 0-1

[Event "Torneo Exhibicion Mirabal - B"]
[Site "Boadilla del Monte ESP"]
[Date "2007.05.05"]
[Round "4.3"]
[White "Vallejo Diaz, Jesus"]
[Black "Gonzalez Somoza, Oliver"]
[Result "1/2-1/2"]
[WhiteElo "2289"]
[BlackElo "2309"]
[PlyCount "236"]
[EventDate "2007.05.05"]
[EventType "tourn (rapid)"]
[EventRounds "5"]
[EventCountry "ESP"]
[Source "lmi"]
[SourceDate "2007.05.05"]

1. e4 c5 2. Nf3 e6 3. b3 Nc6 4. Bb2 d5 5. exd5 exd5 6. Bb5 Nf6 7. O-O Be7 8. d4
O-O 9. Re1 Ne4 10. c4 Bf6 11. cxd5 Qxd5 12. Qc2 cxd4 13. Bxc6 d3 14. Bxd5 dxc2
15. Bxe4 Bxb2 16. Nbd2 Bxa1 17. Rxa1 Be6 18. Bxc2 Rac8 19. Be4 b5 20. Nd4 Rfd8
21. N2f3 Bd5 22. Bf5 Rb8 23. Rc1 g6 24. Bb1 Rbc8 25. Re1 b4 26. h3 a5 27. Kf1
a4 28. bxa4 Ra8 29. Be4 Bc4+ 30. Kg1 Rxa4 31. Bb1 Bxa2 32. Bxa2 Rxa2 33. Nc6
Rd6 34. Nxb4 Rb2 35. Re4 Rd1+ 36. Kh2 Rxf2 37. Re3 Rd7 38. Nd3 Ra2 39. Nf4 h6
40. h4 Ra4 41. Kg3 Rb7 42. Nd5 Kg7 43. Rc3 Rb5 44. Nf4 Rf5 45. Nh3 Ra2 46. Rc7
Rb2 47. Ra7 Rb4 48. Nf2 h5 49. Nd3 Rb3 50. Nf4 Kh6 51. Nh3 f6 52. Kh2 Rb4 53.
Kg3 Rg4+ 54. Kh2 g5 55. hxg5+ fxg5 56. Ra6+ Kg7 57. Ra7+ Kg6 58. Ra6+ Rf6 59.
Ne5+ Kf5 60. Rxf6+ Kxe5 61. Rf1 h4 62. Rf2 Rg3 63. Re2+ Kf5 64. Ra2 g4 65. Ra5+
Kf6 66. Nf2 Kg6 67. Ne4 Re3 68. Rg5+ Kh6 69. Rxg4 h3 70. gxh3 Ra3 71. Nf2 Kh5
72. Kg2 Kh6 73. Rg8 Kh5 74. Rb8 Kh4 75. Rb4+ Kh5 76. Kh2 Rf3 77. Kg2 Ra3 78.
Nd1 Rd3 79. Nf2 Ra3 80. Rc4 Rb3 81. Nd1 Rd3 82. Nc3 Rd2+ 83. Kg1 Rc2 84. Kf1
Rh2 85. h4 Rxh4 86. Rc5+ Kg6 87. Kg2 Rd4 88. Ne2 Ra4 89. Kg3 Kf6 90. Nf4 Ra3+
91. Kg4 Ra6 92. Rf5+ Ke7 93. Nd5+ Kd7 94. Rf7+ Ke8 95. Rb7 Ra5 96. Ne3 Kd8 97.
Kf4 Kc8 98. Rh7 Kd8 99. Ke4 Ke8 100. Nd5 Kf8 101. Ke5 Kg8 102. Rb7 Ra6 103.
Nf6+ Kf8 104. Nd7+ Kg8 105. Nc5 Rc6 106. Ne6 Rc1 107. Kf6 Rf1+ 108. Kg6 Rg1+
109. Ng5 Kf8 110. Kf5 Rf1+ 111. Ke5 Re1+ 112. Ne4 Kg8 113. Ra7 Rb1 114. Kf6
Rf1+ 115. Ke6 Re1 116. Kf5 Rf1+ 117. Kg6 Rg1+ 118. Kf6 Rf1+ 1/2-1/2

[Event "Torneo Exhibicion Mirabal - B"]
[Site "Boadilla del Monte ESP"]
[Date "2007.05.05"]
[Round "5.1"]
[White "Gonzalez Somoza, Oliver"]
[Black "Valles Moreno, Ivan"]
[Result "1-0"]
[WhiteElo "2309"]
[BlackElo "2399"]
[PlyCount "101"]
[EventDate "2007.05.05"]
[EventType "tourn (rapid)"]
[EventRounds "5"]
[EventCountry "ESP"]
[Source "lmi"]
[SourceDate "2007.05.05"]

1. d4 Nf6 2. c4 c5 3. d5 e5 4. Nc3 d6 5. g3 Be7 6. Bg2 Na6 7. Nf3 Nc7 8. O-O
O-O 9. e4 b5 10. cxb5 Rb8 11. a4 a6 12. b6 Rxb6 13. Nd2 Rb4 14. b3 Bg4 15. f3
Bd7 16. Ba3 Rb7 17. Nc4 Na8 18. f4 Bg4 19. Qc2 exf4 20. gxf4 Ne8 21. e5 f5 22.
Bxc5 dxc5 23. d6 Rb8 24. dxe7 Qxe7 25. Nd5 Qh4 26. Na5 Rc8 27. Qc4 Kh8 28. Qxa6
Nec7 29. Nxc7 Nxc7 30. Qc4 Bh5 31. Nb7 Bf7 32. Qxc5 Ne6 33. Qf2 Qh6 34. Nd6 Rb8
35. a5 Rb4 36. Qd2 Rd4 37. Qc1 Bh5 38. a6 Be2 39. a7 Bxf1 40. a8=Q Bxg2 41.
Nf7+ Kg8 42. Nxh6+ gxh6 43. Qxf8+ Kxf8 44. Qc8+ Nd8 45. Qxf5+ Ke7 46. Ra7+ Bb7
47. Qf6+ Ke8 48. Qh8+ Kd7 49. e6+ Nxe6 50. Rxb7+ Kc6 51. Qc8+ 1-0

[Event "Torneo Exhibicion Mirabal - B"]
[Site "Boadilla del Monte ESP"]
[Date "2007.05.05"]
[Round "5.2"]
[White "Morales, Jhon Alexander"]
[Black "Vallejo Diaz, Jesus"]
[Result "0-1"]
[WhiteElo "2314"]
[BlackElo "2289"]
[PlyCount "52"]
[EventDate "2007.05.05"]
[EventType "tourn (rapid)"]
[EventRounds "5"]
[EventCountry "ESP"]
[Source "lmi"]
[SourceDate "2007.05.05"]

1. e4 c5 2. Nf3 e6 3. d4 cxd4 4. Nxd4 a6 5. Nc3 Qc7 6. Bd3 Nc6 7. Nxc6 dxc6 8.
O-O e5 9. a4 Nf6 10. Kh1 a5 11. f4 Bd6 12. f5 Bc5 13. Bg5 h5 14. Bxf6 gxf6 15.
Rf3 Qb6 16. Rb1 h4 17. Rh3 Be3 18. Bc4 Qc5 19. Rxe3 Qxe3 20. Qd6 h3 21. Rg1
hxg2+ 22. Rxg2 Qe1+ 23. Rg1 Qh4 24. Rg2 Bxf5 25. exf5 Qxc4 26. Re2 Qf4 0-1

[Event "Torneo Exhibicion Mirabal - B"]
[Site "Boadilla del Monte ESP"]
[Date "2007.05.05"]
[Round "5.3"]
[White "Serrano Salvador, Eduardo"]
[Black "Garcia Cuenca, Victor"]
[Result "1-0"]
[WhiteElo "2369"]
[BlackElo "2283"]
[PlyCount "57"]
[EventDate "2007.05.05"]
[EventType "tourn (rapid)"]
[EventRounds "5"]
[EventCountry "ESP"]
[Source "lmi"]
[SourceDate "2007.05.05"]

1. d4 Nf6 2. Nf3 c5 3. d5 b5 4. Bg5 d6 5. Bxf6 exf6 6. e4 a6 7. a4 b4 8. Nbd2
g6 9. h3 Bg7 10. Bd3 O-O 11. O-O f5 12. exf5 Bxb2 13. Rb1 Bg7 14. Nc4 a5 15.
Qd2 Bd7 16. fxg6 hxg6 17. Nxd6 Bxa4 18. Qf4 Qc7 19. Rfe1 Rd8 20. Ng5 Rxd6 21.
Qh4 Nd7 22. Re7 Rf6 23. Bxg6 Qf4 24. Qh7+ Kf8 25. Ne6+ Kxe7 26. Nxf4 Bh8 27.
d6+ Kxd6 28. Rd1+ Ke5 29. Rd5+ 1-0

[Event "Torneo Exhibición Mirabal Eliminatorias"]
[Site "Boadilla del Monte ESP"]
[Date "2007.05.06"]
[Round "1.1"]
[White "Serrano Salvador, Eduardo"]
[Black "Franco Alonso, Alejandro"]
[Result "1-0"]
[WhiteElo "2369"]
[BlackElo "2439"]
[PlyCount "63"]
[EventDate "2007.05.06"]
[EventType "k.o."]
[EventRounds "3"]
[EventCountry "ESP"]
[Source "lmi"]
[SourceDate "2007.05.05"]

1. d4 d5 2. c4 c6 3. Nf3 Nf6 4. Nc3 dxc4 5. e4 b5 6. e5 Nd5 7. a4 Nxc3 8. bxc3
e6 9. Ng5 h6 10. Qh5 g6 11. Qh3 Nd7 12. axb5 Nb6 13. bxc6 Be7 14. Ne4 Qd5 15.
Qf3 Kf8 16. Ba3 Bxa3 17. Rxa3 Qxc6 18. Nd6 Qxf3 19. gxf3 Ke7 20. Bxc4 Bb7 21.
Ke2 Nxc4 22. Nxc4 Rhc8 23. Nd6 Rc7 24. Rha1 Bd5 25. f4 g5 26. fxg5 hxg5 27. Kd3
Rh8 28. Rxa7 Rh3+ 29. Kd2 Rhxc3 30. Rxc7+ Rxc7 31. Rb1 Ra7 32. Nc8+ 1-0

[Event "Torneo Exhibición Mirabal Eliminatorias"]
[Site "Boadilla del Monte ESP"]
[Date "2007.05.06"]
[Round "1.2"]
[White "Herraiz Hidalgo, Herminio"]
[Black "Gonzalez Somoza, Oliver"]
[Result "1-0"]
[WhiteElo "2498"]
[BlackElo "2309"]
[PlyCount "71"]
[EventDate "2007.05.06"]
[EventType "k.o."]
[EventRounds "3"]
[EventCountry "ESP"]
[Source "lmi"]
[SourceDate "2007.05.05"]

1. d4 e6 2. Nf3 Nf6 3. c4 d5 4. Nc3 Bb4 5. cxd5 Bxc3+ 6. bxc3 exd5 7. e3 O-O 8.
c4 c5 9. cxd5 Qxd5 10. Ba3 Ne4 11. dxc5 Qxd1+ 12. Rxd1 Be6 13. c6 Nxc6 14. Bxf8
Kxf8 15. a3 Ke7 16. Bd3 Nc5 17. Be2 Ne4 18. Bd3 Nc5 19. Bb5 Na5 20. Nd4 a6 21.
Be2 b5 22. Rc1 Ncb3 23. Nxb3 Nxb3 24. Rc7+ Kd6 25. Rc3 a5 26. Bxb5 Rb8 27. a4
Nc5 28. O-O Bb3 29. Rfc1 Bxa4 30. Bxa4 Nxa4 31. Ra3 Rb4 32. Rca1 Nc5 33. Rxa5
Rb2 34. Rd1+ Kc6 35. Rc1 Kb6 36. Raxc5 1-0

[Event "Torneo Exhibición Mirabal Eliminatorias"]
[Site "Boadilla del Monte ESP"]
[Date "2007.05.06"]
[Round "1.3"]
[White "Morales, Jhon Alexander"]
[Black "Fernandez Garcia, Miguel Angel"]
[Result "1/2-1/2"]
[WhiteElo "2314"]
[BlackElo "2305"]
[PlyCount "110"]
[EventDate "2007.05.06"]
[EventType "k.o."]
[EventRounds "3"]
[EventCountry "ESP"]
[Source "lmi"]
[SourceDate "2007.05.05"]

1. e4 c5 2. Nf3 Nc6 3. d4 cxd4 4. Nxd4 e5 5. Nb5 d6 6. c4 Be7 7. N1c3 a6 8. Na3
f5 9. exf5 Bxf5 10. Bd3 Be6 11. Nc2 Nf6 12. O-O O-O 13. b3 Qe8 14. Ne3 Nd4 15.
Bb2 Kh8 16. Ncd5 Nxd5 17. Nxd5 Bxd5 18. cxd5 Rf4 19. Bc1 Rf8 20. Be3 Qf7 21.
Bxd4 exd4 22. Qg4 Qxd5 23. Rae1 Bf6 24. Be4 Qg5 25. Qxg5 Bxg5 26. Bxb7 Ra7 27.
Be4 Rc7 28. Rd1 Bf6 29. g3 g6 30. Rc1 Rc3 31. Kg2 Kg7 32. Rcd1 a5 33. Rd2 Re8
34. Bd3 Re7 35. Bc4 Re8 36. Rfd1 Re7 37. h4 a4 38. Kf1 a3 39. Re2 Kf8 40. Rxe7
Kxe7 41. Ke2 Kd7 42. Bd3 d5 43. Rh1 Ke7 44. Kd2 Kf7 45. Rc1 h6 46. Rxc3 dxc3+
47. Kc2 g5 48. hxg5 hxg5 49. b4 Ke7 50. Kb3 g4 51. Kxa3 Bd4 52. Kb3 Bxf2 53.
Be2 Bxg3 54. Bxg4 Be5 55. Bf5 Kd6 1/2-1/2

[Event "Torneo Exhibición Mirabal Eliminatorias"]
[Site "Boadilla del Monte ESP"]
[Date "2007.05.06"]
[Round "1.4"]
[White "Lopez del Alamo, Antonio"]
[Black "Valles Moreno, Ivan"]
[Result "1-0"]
[WhiteElo "2151"]
[BlackElo "2399"]
[PlyCount "64"]
[EventDate "2007.05.06"]
[EventType "k.o."]
[EventRounds "3"]
[EventCountry "ESP"]
[Source "lmi"]
[SourceDate "2007.05.05"]

1. e4 e5 2. Bc4 Nf6 3. d3 Nc6 4. Nc3 Bb4 5. Nge2 d5 6. exd5 Nxd5 7. O-O Be6 8.
Bxd5 Bxd5 9. f4 O-O 10. f5 f6 11. Ng3 Bf7 12. Nce4 Ba5 13. Kh1 Bb6 14. Qg4 Kh8
15. Bd2 a5 16. c3 Qe8 17. Qh4 Qe7 18. Rf3 Rad8 19. Raf1 Rd7 20. Ne2 Bg8 21. Rh3
Rfd8 22. Rff3 Qf7 23. g4 Qxa2 24. g5 Qb1+ 25. Nc1 Qc2 26. gxf6 Qd1+ 27. Qe1
Qxe1+ 28. Bxe1 gxf6 29. Bh4 Rf7 30. Bxf6+ Rxf6 31. Nxf6 e4 32. Nxe4 Bd5 1-0

[Event "Torneo Exhibición Mirabal Eliminatorias"]
[Site "Boadilla del Monte ESP"]
[Date "2007.05.06"]
[Round "1.5"]
[White "Vallejo Diaz, Jesus"]
[Black "Fernandez Blazquez, Diego"]
[Result "1-0"]
[WhiteElo "2289"]
[BlackElo "2055"]
[PlyCount "124"]
[EventDate "2007.05.06"]
[EventType "k.o."]
[EventRounds "3"]
[EventCountry "ESP"]
[Source "lmi"]
[SourceDate "2007.05.05"]

1. e4 c5 2. Nf3 d6 3. c3 Nf6 4. h3 g6 5. Bd3 Bg7 6. O-O O-O 7. Bc2 e5 8. d4
exd4 9. cxd4 Re8 10. Nc3 Nc6 11. Be3 b6 12. Re1 Bb7 13. e5 dxe5 14. dxc5 Nd4
15. Nxd4 exd4 16. Qxd4 Nd5 17. Qd3 Nxc3 18. bxc3 Qxd3 19. Bxd3 Bxc3 20. Bb5 Re5
21. Rec1 Bxa1 22. Rxa1 bxc5 23. Rd1 Rd5 24. Rc1 Rad8 25. Kh2 Rc8 26. Bc4 Rd7
27. Rb1 Bd5 28. Ba6 Rcd8 29. Bxc5 Bxa2 30. Rb2 Bd5 31. Be3 h5 32. Rb4 Kg7 33.
h4 Re8 34. Rb2 Re4 35. g3 Ra4 36. Bf1 Ra2 37. Rb8 a5 38. g4 hxg4 39. Kg3 f5 40.
Kf4 Ra4+ 41. Kg3 Rb4 42. Rc8 a4 43. Rc5 a3 44. Ra5 a2 45. Bd2 Rb3+ 46. Kf4 Rb1
47. Bc3+ Kf7 48. Bb5 Rc7 49. Be5 Rb4+ 50. Kg5 Rb7 51. Bd3 Be6 52. Ra8 R4b5 53.
Kf4 Rd5 54. Ra3 Rxd3 55. Rxd3 Rb4+ 56. Kg5 Ra4 57. Rd1 g3 58. fxg3 Re4 59. Bf4
Kg7 60. Rc1 Ra4 61. Be5+ Kf7 62. Rc7+ Ke8 1-0

[Event "Torneo Exhibición Mirabal Eliminatorias"]
[Site "Boadilla del Monte ESP"]
[Date "2007.05.06"]
[Round "1.6"]
[White "Alonso Fernandez, Marcos"]
[Black "Garcia Cuenca, Victor"]
[Result "1-0"]
[WhiteElo "2439"]
[BlackElo "2283"]
[PlyCount "87"]
[EventDate "2007.05.06"]
[EventType "k.o."]
[EventRounds "3"]
[EventCountry "ESP"]
[Source "lmi"]
[SourceDate "2007.05.05"]

1. d4 Nf6 2. c4 c5 3. d5 b5 4. cxb5 a6 5. bxa6 g6 6. Nc3 Bxa6 7. Nf3 d6 8. e4
Bxf1 9. Kxf1 Bg7 10. h3 O-O 11. Kg1 Nbd7 12. Kh2 Ra6 13. Re1 Qa8 14. Re2 Nb6
15. Qc2 Na4 16. Rb1 Rb8 17. Nxa4 Rxa4 18. b3 Ra6 19. Bf4 Rb4 20. Rd1 h6 21.
Rdd2 Nh5 22. Be3 Nf6 23. Bf4 Nh5 24. Bg3 Nxg3 25. fxg3 Qb8 26. e5 dxe5 27. Qxc5
Qd6 28. Qc8+ Kh7 29. Nxe5 Rb8 30. Qc3 Rb5 31. Qd3 Bxe5 32. Qxb5 Bxg3+ 33. Kh1
Qf6 34. Rd1 Bc7 35. Qd3 Rb6 36. Qf3 Qg7 37. Rxe7 Rf6 38. Qe2 Bd6 39. Rd7 Qf8
40. Rf1 Kg7 41. a4 Bb8 42. a5 Qe8 43. Rb7 Bd6 44. a6 1-0

[Event "Torneo Exhibición Mirabal Eliminatorias"]
[Site "Boadilla del Monte ESP"]
[Date "2007.05.06"]
[Round "2.1"]
[White "Herraiz Hidalgo, Herminio"]
[Black "Serrano Salvador, Eduardo"]
[Result "1-0"]
[WhiteElo "2498"]
[BlackElo "2369"]
[PlyCount "54"]
[EventDate "2007.05.06"]
[EventType "k.o."]
[EventRounds "3"]
[EventCountry "ESP"]
[Source "lmi"]
[SourceDate "2007.05.05"]

1. d4 d5 2. c4 c6 3. e3 Nf6 4. Nf3 e6 5. Nbd2 Nbd7 6. Bd3 c5 7. b3 cxd4 8. exd4
Bd6 9. Bb2 b6 10. O-O Bb7 11. Ne5 dxc4 12. bxc4 O-O 13. Qe2 Qc7 14. Rad1 Rad8
15. f4 Ba8 16. Qe3 Qb7 17. Ndf3 Nc5 18. Bb1 Nce4 19. Kh1 Nh5 20. d5 exd5 21.
cxd5 Nhg3+ 22. hxg3 Nxg3+ 23. Kh2 Nxf1+ 24. Rxf1 Qxd5 25. Qd3 Qxd3 26. Bxd3 Bd5
27. Kg3 f6 1-0

[Event "Torneo Exhibición Mirabal Eliminatorias"]
[Site "Boadilla del Monte ESP"]
[Date "2007.05.06"]
[Round "2.2"]
[White "Franco Alonso, Alejandro"]
[Black "Gonzalez Somoza, Oliver"]
[Result "1-0"]
[WhiteElo "2439"]
[BlackElo "2309"]
[PlyCount "78"]
[EventDate "2007.05.06"]
[EventType "k.o."]
[EventRounds "3"]
[EventCountry "ESP"]
[Source "lmi"]
[SourceDate "2007.05.05"]

1. Nf3 d5 2. d4 Nf6 3. c4 dxc4 4. e3 c5 5. Bxc4 cxd4 6. Qxd4 Bd7 7. Ne5 e6 8.
Nc3 Nc6 9. Nxc6 Bxc6 10. Qxd8+ Rxd8 11. f3 a6 12. Bd2 Bc5 13. Rd1 O-O 14. Bb3
b5 15. a3 Rd7 16. Bc1 Rfd8 17. Ke2 b4 18. axb4 Bxb4 19. Rxd7 Rxd7 20. Rd1 Kf8
21. Rxd7 Nxd7 22. Ba4 Bxa4 23. Nxa4 Ke7 24. b3 Kd6 25. Bb2 g6 26. Kd3 Be1 27.
e4 f5 28. Bd4 h5 29. h3 Ne5+ 30. Bxe5+ Kxe5 31. Nc5 a5 32. Ke3 fxe4 33. fxe4
Bc3 34. Nd3+ Kf6 35. g3 g5 36. g4 hxg4 37. hxg4 Be5 38. Kd2 Bd4 39. Kc2 Ke7 1-0

[Event "Torneo Exhibición Mirabal Eliminatorias"]
[Site "Boadilla del Monte ESP"]
[Date "2007.05.06"]
[Round "2.3"]
[White "Morales, Jhon Alexander"]
[Black "Lopez del Alamo, Antonio"]
[Result "0-1"]
[WhiteElo "2314"]
[BlackElo "2151"]
[PlyCount "68"]
[EventDate "2007.05.06"]
[EventType "k.o."]
[EventRounds "3"]
[EventCountry "ESP"]
[Source "lmi"]
[SourceDate "2007.05.05"]

1. e4 c5 2. Nf3 e6 3. d4 cxd4 4. Nxd4 Nf6 5. Nc3 Nc6 6. Ndb5 d6 7. Bf4 e5 8.
Bg5 a6 9. Na3 b5 10. Nd5 Be7 11. Bxf6 Bxf6 12. c3 O-O 13. Nc2 Bg5 14. h4 Bh6
15. g3 Be6 16. Bh3 a5 17. a3 Rc8 18. Kf1 Bxh3+ 19. Rxh3 Ne7 20. Nxe7+ Qxe7 21.
Qd3 Rc5 22. Rd1 d5 23. exd5 Rd8 24. Qe4 g6 25. g4 Rc4 26. Rd4 Rc7 27. d6 Rxd6
28. Rxd6 Qxd6 29. g5 Qd1+ 30. Kg2 Bf8 31. Ne3 Qe1 32. Rh1 Qe2 33. Rd1 Rc4 34.
Qxe5 Rg4+ 0-1

[Event "Torneo Exhibición Mirabal Eliminatorias"]
[Site "Boadilla del Monte ESP"]
[Date "2007.05.06"]
[Round "2.4"]
[White "Valles Moreno, Ivan"]
[Black "Fernandez Garcia, Miguel Angel"]
[Result "1/2-1/2"]
[WhiteElo "2399"]
[BlackElo "2305"]
[PlyCount "47"]
[EventDate "2007.05.06"]
[EventType "k.o."]
[EventRounds "3"]
[EventCountry "ESP"]
[Source "lmi"]
[SourceDate "2007.05.05"]

1. d4 Nf6 2. c4 e5 3. dxe5 Ng4 4. Nf3 Bb4+ 5. Bd2 Qe7 6. Nc3 Nxe5 7. e3 O-O 8.
a3 Bxc3 9. Bxc3 d6 10. Be2 Bg4 11. h3 Nxf3+ 12. gxf3 Be6 13. Qd4 f6 14. O-O-O
Nc6 15. Qh4 Ne5 16. f4 Bxc4 17. fxe5 Bxe2 18. exf6 Qf7 19. Rdg1 g6 20. Qh6 Rfe8
21. Rg5 Bd3 22. Rhg1 Re5 23. Bxe5 dxe5 24. Qg7+ 1/2-1/2

[Event "Torneo Exhibición Mirabal Eliminatorias"]
[Site "Boadilla del Monte ESP"]
[Date "2007.05.06"]
[Round "2.5"]
[White "Vallejo Diaz, Jesus"]
[Black "Garcia Cuenca, Victor"]
[Result "0-1"]
[WhiteElo "2289"]
[BlackElo "2283"]
[PlyCount "57"]
[EventDate "2007.05.06"]
[EventType "k.o."]
[EventRounds "3"]
[EventCountry "ESP"]
[Source "lmi"]
[SourceDate "2007.05.05"]

1. e4 c5 2. Nf3 e6 3. b3 a6 4. Bb2 Nc6 5. g3 d6 6. Bg2 e5 7. d3 Nf6 8. Nbd2 Bg4
9. h3 Bd7 10. O-O g6 11. c3 Bh6 12. Re1 O-O 13. d4 Re8 14. dxc5 dxc5 15. Ba3
Bf8 16. Qc2 b5 17. Rad1 a5 18. Bb2 a4 19. Bf1 Qb6 20. c4 b4 21. Bg2 Nd4 22.
Nxd4 cxd4 23. Kh2 Bd6 24. Rf1 axb3 25. axb3 Ra2 26. Rb1 h5 27. Nf3 Qc7 28. Ne1
h4 29. Nd3 0-1

[Event "Torneo Exhibición Mirabal Eliminatorias"]
[Site "Boadilla del Monte ESP"]
[Date "2007.05.06"]
[Round "3.1"]
[White "Serrano Salvador, Eduardo"]
[Black "Herraiz Hidalgo, Herminio"]
[Result "0-1"]
[WhiteElo "2369"]
[BlackElo "2498"]
[PlyCount "92"]
[EventDate "2007.05.06"]
[EventType "k.o."]
[EventRounds "3"]
[EventCountry "ESP"]
[Source "lmi"]
[SourceDate "2007.05.05"]

1. d4 f5 2. Nc3 Nf6 3. Bf4 d6 4. e3 g6 5. h4 Nc6 6. h5 Bg7 7. h6 Bf8 8. Nf3 e6
9. Bc4 Qe7 10. Bg5 Qf7 11. d5 Nd8 12. Nb5 Ne4 13. Qd4 Rg8 14. dxe6 Bxe6 15. Bd3
Nc6 16. Qa4 Nc5 17. Qh4 a6 18. Nc3 Be7 19. Bxe7 Qxe7 20. Qxe7+ Kxe7 21. Ng5 Rh8
22. O-O-O Ne5 23. Be2 c6 24. Rh4 d5 25. f3 Kf6 26. Nxe6 Nxe6 27. e4 fxe4 28.
fxe4 d4 29. Nb1 b5 30. Nd2 g5 31. Rhh1 Nf4 32. Bf1 c5 33. g3 Ne6 34. Bg2 Rhf8
35. Rdf1+ Ke7 36. Rf5 Ng4 37. Bh3 Ne3 38. Re5 g4 39. Bf1 Rf2 40. b3 Rc8 41. a4
c4 42. axb5 cxb3 43. Bd3 axb5 44. Nxb3 Nxc2 45. Kb1 Na3+ 46. Ka1 Ra8 0-1

[Event "Torneo Exhibición Mirabal Eliminatorias"]
[Site "Boadilla del Monte ESP"]
[Date "2007.05.06"]
[Round "3.2"]
[White "Gonzalez Somoza, Oliver"]
[Black "Franco Alonso, Alejandro"]
[Result "0-1"]
[WhiteElo "2309"]
[BlackElo "2439"]
[PlyCount "88"]
[EventDate "2007.05.06"]
[EventType "k.o."]
[EventRounds "3"]
[EventCountry "ESP"]
[Source "lmi"]
[SourceDate "2007.05.05"]

1. d4 Nf6 2. Nf3 e6 3. c4 b6 4. g3 Ba6 5. Qb3 Bb7 6. Nc3 Be7 7. Bg2 O-O 8. O-O
Nc6 9. d5 Na5 10. Qc2 Nxc4 11. dxe6 fxe6 12. Nb5 Nd6 13. Nc3 Nd5 14. Nxd5 Bxd5
15. Bf4 Bf6 16. Rac1 Rc8 17. Rfd1 Qe7 18. Bxd6 cxd6 19. Qxc8 Rxc8 20. Rxc8+ Kf7
21. b3 Be4 22. Ng5+ Bxg5 23. Bxe4 g6 24. Rc7 d5 25. Rxa7 Qc5 26. Bd3 Ke7 27. a4
b5 28. Ra5 Bf6 29. Rxb5 Qa7 30. e3 Bg5 31. e4 Be3 32. exd5 Bxf2+ 33. Kg2 e5 34.
d6+ Kxd6 35. Bf5+ Bd4 36. Be4 Qc7 37. a5 Qc3 38. Bd3 Qc6+ 39. Kh3 Qf3 40. Rd2
g5 41. Be2 Qf5+ 42. Bg4 Qf1+ 43. Rg2 Qxb5 44. Bf5 h5 0-1

[Event "Torneo Exhibición Mirabal Eliminatorias"]
[Site "Boadilla del Monte ESP"]
[Date "2007.05.06"]
[Round "3.3"]
[White "Lopez del Alamo, Antonio"]
[Black "Morales, Jhon Alexander"]
[Result "0-1"]
[WhiteElo "2151"]
[BlackElo "2314"]
[PlyCount "78"]
[EventDate "2007.05.06"]
[EventType "k.o."]
[EventRounds "3"]
[EventCountry "ESP"]
[Source "lmi"]
[SourceDate "2007.05.05"]

1. e4 c5 2. Nf3 d6 3. d4 cxd4 4. Nxd4 Nf6 5. Nc3 a6 6. Be2 e5 7. Nb3 Be7 8. Be3
Be6 9. Nd5 Nbd7 10. Qd3 Bxd5 11. exd5 Nc5 12. Nxc5 dxc5 13. O-O-O Qd6 14. Qf5
g6 15. Qh3 O-O 16. g4 Rfe8 17. g5 Nd7 18. Qg4 Bf8 19. h4 Bg7 20. h5 e4 21. hxg6
hxg6 22. Bf4 Ne5 23. Qh4 Qb6 24. c3 c4 25. Rh3 Nd3+ 26. Bxd3 exd3 27. Be3 Rxe3
28. Rxe3 Qb5 29. d6 Rd8 30. Qf4 Qd5 31. f3 Rxd6 32. Re8+ Bf8 33. Qh4 Re6 34.
Rc8 Rc6 35. Ra8 Re6 36. Qh6 d2+ 37. Kb1 Qd3+ 38. Ka1 Qd6 39. a3 Re1 0-1

[Event "Torneo Exhibición Mirabal Eliminatorias"]
[Site "Boadilla del Monte ESP"]
[Date "2007.05.06"]
[Round "3.4"]
[White "Fernandez Garcia, Miguel Angel"]
[Black "Valles Moreno, Ivan"]
[Result "0-1"]
[WhiteElo "2305"]
[BlackElo "2399"]
[PlyCount "48"]
[EventDate "2007.05.06"]
[EventType "k.o."]
[EventRounds "3"]
[EventCountry "ESP"]
[Source "lmi"]
[SourceDate "2007.05.05"]

1. d4 Nf6 2. c4 c5 3. d5 e5 4. Nc3 d6 5. e4 Be7 6. Bd3 Nbd7 7. Nge2 h5 8. a3 h4
9. b4 b6 10. f3 Nf8 11. Be3 Ng6 12. Qd2 Nh7 13. O-O O-O 14. Rab1 Bg5 15. bxc5
bxc5 16. Rb3 Qf6 17. Rfb1 h3 18. Ng3 Nh4 19. Bf1 hxg2 20. Bxg2 Bh3 21. Bh1 Qh6
22. Nd1 f5 23. exf5 Bxf5 24. Nf2 Bxb1 0-1

[Event "Torneo Exhibición Mirabal Eliminatorias"]
[Site "Boadilla del Monte ESP"]
[Date "2007.05.06"]
[Round "3.5"]
[White "Garcia Cuenca, Victor"]
[Black "Vallejo Diaz, Jesus"]
[Result "0-1"]
[WhiteElo "2283"]
[BlackElo "2289"]
[PlyCount "220"]
[EventDate "2007.05.06"]
[EventType "k.o."]
[EventRounds "3"]
[EventCountry "ESP"]
[Source "lmi"]
[SourceDate "2007.05.05"]

1. d4 Nf6 2. c4 g6 3. Nf3 d6 4. g3 Nbd7 5. Bg2 Bg7 6. O-O O-O 7. Nc3 e5 8. e4
c6 9. h3 Re8 10. Re1 Qe7 11. Be3 exd4 12. Nxd4 Nc5 13. b4 Ne6 14. Rc1 Nd7 15.
f4 a5 16. b5 Nxd4 17. Bxd4 Nc5 18. Bxg7 Kxg7 19. e5 Bd7 20. exd6 Qf6 21. Qd2
Rad8 22. Kh2 h5 23. h4 Rxe1 24. Rxe1 Bg4 25. bxc6 bxc6 26. Bxc6 Qxd6 27. Qxd6
Rxd6 28. Bd5 Be6 29. Rb1 Bxd5 30. cxd5 Nd7 31. Rb5 Ra6 32. Ne4 Nf6 33. Nxf6
Kxf6 34. Kg2 a4 35. Kf3 a3 36. Rb3 Ra4 37. Rd3 Ke7 38. d6+ Kd7 39. Ke3 Ra6 40.
Kd2 Rb6 41. Rxa3 Rb2+ 42. Kc3 Rg2 43. Kd4 Kxd6 44. Ke4 Ke7 45. Ra7+ Kf6 46. Kf3
Rb2 47. a4 Rb4 48. a5 Ra4 49. a6 Kg7 50. Ra8 Kh7 51. Ke3 Kg7 52. Kd3 Ra3+ 53.
Kc4 Rxg3 54. a7 Ra3 55. Kb5 Ra1 56. Kb6 Rb1+ 57. Kc5 Rc1+ 58. Kb4 Rb1+ 59. Kc3
Ra1 60. f5 gxf5 61. Kd4 Ra4+ 62. Ke5 f4 63. Rb8 Rxa7 64. Kxf4 Ra5 65. Rb6 f6
66. Rc6 Kg6 67. Rb6 Ra4+ 68. Kg3 Rg4+ 69. Kh3 Ra4 70. Kg3 Ra3+ 71. Kg2 Re3 72.
Rb5 Re5 73. Rb6 Kf5 74. Kf3 Ra5 75. Rb4 Ra3+ 76. Kg2 Re3 77. Kh2 Re4 78. Rb6
Rxh4+ 79. Kg3 Re4 80. Rb8 Re3+ 81. Kf2 Re5 82. Kf3 Ra5 83. Rh8 Ra3+ 84. Kg2 Kg5
85. Rg8+ Kf4 86. Rh8 Ra2+ 87. Kh3 Ra5 88. Rh6 Kg5 89. Rh8 Ra3+ 90. Kg2 f5 91.
Rg8+ Kf4 92. Rh8 Ra2+ 93. Kg1 Kg4 94. Rg8+ Kf3 95. Rh8 Kg4 96. Rg8+ Kh3 97. Rf8
Ra5 98. Rg8 h4 99. Rg7 Ra4 100. Rf7 Rf4 101. Rf8 Kg3 102. Rg8+ Rg4 103. Rf8 f4
104. Ra8 Rg7 105. Rb8 h3 106. Kh1 f3 107. Rh8 Rg4 108. Rxh3+ Kf4 109. Rh8 f2
110. Rf8+ Kg3 0-1